| Поле | Название | Значение |
| |
Тип записи |
a |
| |
Библиографический уровень |
m |
| 001 |
Контрольный номер |
55a3101b1e81495db86bd4ce7bc405ae |
| 005 |
Дата корректировки |
20140630135220.2 |
| 010 |
Индекс ISBN |
__ |
| a |
ISBN |
5-8001-0058-6 |
| 101 |
Язык документа |
0_ |
| a |
Язык текста |
rus |
| 102 |
Страна публикации |
__ |
| a |
Страна публикации |
RU |
| 200 |
Заглавие и сведения об ответственности |
1_ |
| a |
Заглавие |
Кадровые перестановки: переводы и перемещения |
| e |
Сведения, относящиеся к заглавию |
практ. пособие |
| f |
Первые сведения об ответственности |
Д.Ф. Рысина, Л. В. Труханович |
| 210 |
Выходные данные |
1_ |
| c |
Издательство |
Финпресс |
| a |
Место издания |
М. |
| d |
Дата издания |
2004 |
| 215 |
Физическое описание |
__ |
| a |
Объем |
157, [3] с. |
| 225 |
Серия |
2_ |
| a |
Серия |
Б-ка журн. " Кадры предприятия" |
| v |
Обозначение тома |
вып. 6 |
| 300 |
Общие примечания |
__ |
| a |
Общие примечания |
1 экз. |
| 610 |
Ключевые слова |
0_ |
| a |
Ключевые слова |
экономика труда |
| 610 |
Ключевые слова |
0_ |
| a |
Ключевые слова |
кадры |
| 610 |
Ключевые слова |
0_ |
| a |
Ключевые слова |
трудовая книжка |
| 610 |
Ключевые слова |
0_ |
| a |
Ключевые слова |
перемещение |
| 610 |
Ключевые слова |
0_ |
| a |
Ключевые слова |
перевод |
| 610 |
Ключевые слова |
0_ |
| a |
Ключевые слова |
трудовой договор |
| 610 |
Ключевые слова |
0_ |
| a |
Ключевые слова |
трудовые споры |
| 610 |
Ключевые слова |
0_ |
| a |
Ключевые слова |
нормативные акты |
| 610 |
Ключевые слова |
0_ |
| a |
Ключевые слова |
работа |
| 686 |
Индексы других классификаций |
__ |
| a |
Классификационный индекс |
65.9(2)240 |
| 2 |
Код системы |
rubbk |
| 686 |
Индексы других классификаций |
__ |
| a |
Классификационный индекс |
67.627 |
| 2 |
Код системы |
rubbk |
| 700 |
Автор |
_1 |
| a |
Фамилия |
Рысина |
| g |
Полное личное имя |
Д.Ф. |
| 701 |
Альтернативная интеллектуальная ответственность |
_1 |
| a |
Фамилия |
Труханович |
| b |
Имя |
Л.В. |
| u |
|
2 |
| 801 |
Источник записи |
_0 |
| a |
Страна |
RU |
| b |
Организация |
РУК |
| c |
Дата составления |
20051118 |
| g |
Правила каталогизации |
PSBO |
| 801 |
Источник записи |
_1 |
| a |
Страна |
RU |
| b |
Организация |
РУК |
| c |
Дата составления |
20051118 |
| g |
Правила каталогизации |
PSBO |
| 852 |
Данные о местонахождении |
__ |
| i |
Авторский знак |
Р 95 |
| j |
Шифр хранения |
ББК 65.9(2)24 |
| 901 |
Тип документа |
__ |
| t |
Тип документа |
m |
| 938 |
Служебная информация |
__ |
| a |
Название организации |
Головной вуз |
| b |
Имя БД |
BOOK |
| c |
Название АИБС |
АИБС ИРБИС |